The Turk in America : (Record no. 100163)
[ view plain ]
| 000 -LEADER | |
|---|---|
| fixed length control field | 01016cam a2200277 a 4500 |
| 001 - CONTROL NUMBER | |
| control field | 16254800 |
| 005 - DATE AND TIME OF LATEST TRANSACTION | |
| control field | 20171122092126.0 |
| 008 - FIXED-LENGTH DATA ELEMENTS--GENERAL INFORMATION | |
| fixed length control field | 100527s2010 utua b s001 0 eng |
| 020 ## - INTERNATIONAL STANDARD BOOK NUMBER | |
| International Standard Book Number | 9781607810131 (pbk. : alk. paper) |
| 020 ## - INTERNATIONAL STANDARD BOOK NUMBER | |
| International Standard Book Number | 1607810131 (pbk. : alk. paper) |
| 040 ## - CATALOGING SOURCE | |
| Transcribing agency | PK-LaUMT |
| 082 00 - DEWEY DECIMAL CLASSIFICATION NUMBER | |
| Classification number | TUR 305.89435073 |
| Edition number | 22 |
| Item number | MCC-T |
| 100 1# - MAIN ENTRY--PERSONAL NAME | |
| Personal name | McCarthy, Justin |
| 245 14 - TITLE STATEMENT | |
| Title | The Turk in America : |
| Remainder of title | creation of an enduring prejudice / |
| Statement of responsibility, etc | Justin McCarthy |
| 260 ## - PUBLICATION, DISTRIBUTION, ETC. (IMPRINT) | |
| Place of publication, distribution, etc | Salt Lake City : |
| Name of publisher, distributor, etc | University of Utah Press, |
| Date of publication, distribution, etc | 2010 |
| 300 ## - PHYSICAL DESCRIPTION | |
| Extent | ix, 499 p. : |
| Other physical details | ill. ; |
| Dimensions | 26 cm. |
| 490 1# - SERIES STATEMENT | |
| Series statement | Utah series in Turkish and Islamic studies |
| 650 #0 - SUBJECT ADDED ENTRY--TOPICAL TERM | |
| Topical term or geographic name as entry element | Turks |
| General subdivision | Public opinion. |
| 650 #0 - SUBJECT ADDED ENTRY--TOPICAL TERM | |
| Topical term or geographic name as entry element | Armenian massacres, 1915-1923 |
| General subdivision | Foreign public opinion, American. |
| 650 #0 - SUBJECT ADDED ENTRY--TOPICAL TERM | |
| Topical term or geographic name as entry element | Public opinion |
| Geographic subdivision | United States. |
| 650 #0 - SUBJECT ADDED ENTRY--TOPICAL TERM | |
| Topical term or geographic name as entry element | Prejudices |
| Geographic subdivision | United States. |
| 650 #0 - SUBJECT ADDED ENTRY--TOPICAL TERM | |
| Topical term or geographic name as entry element | Stereotypes (Social psychology) |
| Geographic subdivision | United States. |
| 650 #0 - SUBJECT ADDED ENTRY--TOPICAL TERM | |
| Topical term or geographic name as entry element | Missionaries |
| Geographic subdivision | Turkey |
| General subdivision | History. |
| 650 #0 - SUBJECT ADDED ENTRY--TOPICAL TERM | |
| Topical term or geographic name as entry element | Missions to Muslims |
| Geographic subdivision | Turkey |
| General subdivision | History. |
| 942 ## - ADDED ENTRY ELEMENTS (KOHA) | |
| Koha item type | Turkish Collection |
| Withdrawn status | Lost status | Damaged status | Home library | Current library | Date acquired | Full call number | Barcode | Date last seen | Price effective from | Koha item type |
|---|---|---|---|---|---|---|---|---|---|---|
| UMT Main Campus | UMT Main Campus | 2017-11-22 | TUR 305.89435073 MCC-T | 116012 | 2017-11-22 | 2017-11-22 | Turkish Collection |
